[Event "Jan Macieja Memorial"]
[Site "Warsaw POL"]
[Date "2023.07.10"]
[Round "6.20"]
[White "Majek, Kacper"]
[Black "Malicka, Maria"]
[Result "0-1"]
[WhiteElo "1950"]
[BlackElo "2168"]
[EventDate "2023.07.10"]
[PlyCount "176"]

1.e4 c5 2.Nf3 d6 3.d4 cxd4 4.Nxd4 Nf6 5.Nc3 a6 6.Rg1 h5 7.Be3 Nbd7 8.h3 h4 9.g4 
hxg3 10.Rxg3 Ne5 11.f4 Nc6 12.Qd2 e5 13.Nxc6 bxc6 14.fxe5 dxe5 15.Qxd8+ Kxd8 
16.O-O-O+ Kc7 17.Na4 Rb8 18.Nc5 Bxc5 19.Bxc5 Nxe4 20.Rxg7 Nxc5 21.Rxf7+ Kb6 
22.Re7 Bxh3 23.Bxh3 Rxh3 24.Rxe5 Rbh8 25.Re2 Rh1 26.b3 Rxd1+ 27.Kxd1 Rh1+ 
28.Kd2 Rh5 29.Kc3 Rd5 30.Re7 Rd7 31.Re5 Nb7 32.Rh5 Rd5 33.Rh7 Nd6 34.Re7 Nb5+ 
35.Kb2 Nd4 36.Kc3 Nf5 37.Rh7 Re5 38.Kd2 Kc5 39.Ra7 Kb6 40.Rh7 a5 41.Rh5 Nd4 
42.Rh6 Nf3+ 43.Kc3 Re3+ 44.Kb2 Kc5 45.Rh3 Kd4 46.Rh6 Ne5 47.Rd6+ Kc5 48.Rd8 Re2 
49.Kc3 Nf3 50.Ra8 Kb6 51.Rb8+ Kc7 52.Ra8 Re5 53.Kb2 Nd4 54.Kc3 Nb5+ 55.Kd3 Na3 
56.Rh8 Rc5 57.c3 Rg5 58.Rh7+ Kb6 59.Rh2 Rg3+ 60.Kd2 Nb5 61.c4 Nd4 62.Kc1 Rg1+ 
63.Kb2 Re1 64.Kc3 Re2 65.Rh8 Ne6 66.a3 Nc5 67.Rb8+ Kc7 68.Ra8 Nb7 69.Rh8 Re3+ 
70.Kc2 Nc5 71.b4 axb4 72.axb4 Ne4 73.Rh7+ Kd6 74.Rh6+ Kc7 75.Rh7+ Kb6 76.Rh6 
Rc3+ 77.Kb2 Rxc4 78.Ka3 Rc3+ 79.Ka4 Rc1 80.Re6 Nc3+ 81.Kb3 Nd5 82.Rh6 Rb1+ 
83.Ka3 Rxb4 84.Rh8 Rg4 85.Kb3 Kc5 86.Ra8 Rg3+ 87.Kc2 Kc4 88.Rg8 Rxg8 0-1

[Event "Jan Macieja Memorial"]
[Site "Warsaw POL"]
[Date "2023.07.10"]
[Round "6.21"]
[White "Dworakowska, Joanna"]
[Black "Adamski, Jan"]
[Result "1/2-1/2"]
[WhiteElo "2234"]
[BlackElo "1966"]
[EventDate "2023.07.10"]
[PlyCount "103"]

1.e4 c5 2.Nf3 a6 3.c4 Nc6 4.Nc3 e5 5.d3 d6 6.g3 Be7 7.Bg2 Bg4 8.h3 Bxf3 9.Bxf3 
Bg5 10.Bg2 Bxc1 11.Rxc1 Nge7 12.O-O Nd4 13.f4 b5 14.Kh2 h5 15.h4 exf4 16.gxf4 
Ng6 17.e5 Qxh4+ 18.Kg1 Qg3 19.Qe1 Qxe1 20.Rcxe1 O-O-O 21.exd6 f5 22.Nd5 Rxd6 
23.Ne7+ Nxe7 24.Rxe7 Rd7 25.Rfe1 Rhd8 26.Bh3 g6 27.Kf2 Rxe7 28.Rxe7 Rd7 29.Re8+ 
Kc7 30.Ra8 bxc4 31.dxc4 Nc6 32.Ke3 Nb4 33.Ra7+ Kd6 34.Rxd7+ Kxd7 35.a3 Nc6 
36.Bg2 Nd4 37.b4 Kd6 38.Kd3 h4 39.Bf1 Kc6 40.a4 Ne6 41.b5+ axb5 42.cxb5+ Kb6 
43.Kc4 Nxf4 44.a5+ Kxa5 45.Kxc5 Ne6+ 46.Kd6 Nd4 47.Ke5 Nxb5 48.Kf6 Nd6 49.Kxg6 
Ne4 50.Kxf5 Ng3+ 51.Kg4 Nxf1 52.Kxh4 1/2-1/2

[Event "Jan Macieja Memorial"]
[Site "Warsaw POL"]
[Date "2023.07.10"]
[Round "6.22"]
[White "Bartel, Marta"]
[Black "Fistek, Dariusz"]
[Result "1-0"]
[WhiteElo "1985"]
[BlackElo "2159"]
[EventDate "2023.07.10"]
[PlyCount "119"]

1.d4 Nf6 2.Nf3 g6 3.c4 Bg7 4.Nc3 O-O 5.Bg5 d6 6.e3 h6 7.Bh4 c5 8.d5 a6 9.Be2 
Nbd7 10.O-O g5 11.Bg3 Nh5 12.Nd2 Nxg3 13.hxg3 f5 14.f4 Nf6 15.Qc2 e5 16.fxe5 
dxe5 17.Rxf5 Bxf5 18.Qxf5 Nxd5 19.Qe6+ Kh8 20.Nxd5 e4 21.Qxe4 Qe8 22.Qxe8 Raxe8 
23.Bh5 Rd8 24.Rb1 Be5 25.Nf3 Bxg3 26.Ne7 Kg7 27.Nd5 b5 28.b3 Rf5 29.Bg4 Rf7 
30.Be6 Rff8 31.Rf1 Rde8 32.Bg4 bxc4 33.bxc4 Rb8 34.Nc7 Rf6 35.Nd5 Rd6 36.Nd2 
Re8 37.Bh5 Rf8 38.Rxf8 Kxf8 39.Ne4 Rd8 40.Nxg3 Rb8 41.Ne4 Rb1+ 42.Kh2 Rb2 
43.Ndc3 Rb4 44.Be2 a5 45.Kg3 a4 46.Kg4 Kg7 47.Kf5 a3 48.Ke5 Rb2 49.Kd5 g4 
50.Kxc5 h5 51.Kd4 h4 52.Bxg4 Rxg2 53.Bf5 Rg1 54.c5 Rf1 55.Be6 Rf8 56.c6 Rh8 
57.c7 Kg6 58.c8=Q Rxc8 59.Bxc8 Kh5 60.Kc4 1-0

[Event "Jan Macieja Memorial"]
[Site "Warsaw POL"]
[Date "2023.07.10"]
[Round "6.23"]
[White "Podgorski, Maciej"]
[Black "Niezhentsev, Kyrylo"]
[Result "0-1"]
[WhiteElo "1945"]
[BlackElo "2151"]
[EventDate "2023.07.10"]
[PlyCount "80"]

1.e4 c5 2.Nc3 e6 3.d4 cxd4 4.Qxd4 Nc6 5.Qe3 Nf6 6.Bd2 Bb4 7.O-O-O Qe7 8.h3 Bc5 
9.Qg3 O-O 10.e5 Nh5 11.Qg4 g6 12.f4 f5 13.exf6 Nxf6 14.Qh4 d5 15.Bd3 e5 16.fxe5 
Nxe5 17.Bg5 Be6 18.Nf3 Nxf3 19.gxf3 Qf7 20.Rhe1 d4 21.Ne4 Nxe4 22.Qxe4 Bd5 
23.Qe2 Bxf3 24.Qe5 Bxd1 25.Rxd1 Bb6 26.Qb5 Rac8 27.Re1 Bc5 28.Rd1 Bd6 29.a3 
Bf4+ 30.Bxf4 Qxf4+ 31.Kb1 Qc7 32.Qb3+ Kg7 33.Qd5 Rcd8 34.Qe4 Rfe8 35.Qg4 Qe5 
36.Rg1 Qe6 37.Qg3 Re7 38.h4 Rd5 39.Bc4 Qe5 40.Qd3 Qe4 0-1

[Event "Jan Macieja Memorial"]
[Site "Warsaw POL"]
[Date "2023.07.10"]
[Round "6.24"]
[White "Marcinczyk, Monika"]
[Black "Ochedzan, Tymon"]
[Result "0-1"]
[WhiteElo "1945"]
[BlackElo "2149"]
[EventDate "2023.07.10"]
[PlyCount "67"]

1.b3 e5 2.Bb2 Nc6 3.g3 Nf6 4.Bg2 d5 5.e3 Bd6 6.Ne2 O-O 7.d4 Re8 8.O-O Be6 
9.Nbc3 e4 10.Nb5 Ne7 11.Nxd6 Qxd6 12.h3 Ng6 13.Rc1 b5 14.Kh2 h5 15.Nf4 Nxf4 
16.gxf4 h4 17.Rg1 Bf5 18.Bf1 c6 19.Be2 Qd7 20.Bg4 Kh7 21.Bxf5+ Qxf5 22.Rg5 Qd7 
23.Qg1 Rg8 24.Ba3 a5 25.Bc5 a4 26.f3 g6 27.Qf2 Kg7 28.Qxh4 exf3 29.f5 Ne4 
30.fxg6 Nxg5 31.Qxg5 fxg6 32.Qe5+ Kh7 33.Rf1 Rae8 34.Qf4 0-1

[Event "Jan Macieja Memorial"]
[Site "Warsaw POL"]
[Date "2023.07.10"]
[Round "6.25"]
[White "Rekuc, Patryk"]
[Black "Krzyzewski, Radoslaw"]
[Result "1-0"]
[WhiteElo "2108"]
[BlackElo "1612"]
[EventDate "2023.07.10"]
[PlyCount "83"]

1.Nf3 c5 2.b3 d5 3.Bb2 Nc6 4.e3 Nf6 5.d4 cxd4 6.exd4 g6 7.Be2 Bg7 8.O-O O-O 
9.c4 a6 10.Nbd2 Re8 11.Rc1 Bf5 12.Ne5 Rc8 13.Ndf3 h6 14.Re1 Kh7 15.Nxf7 Qa5 
16.Bc3 Qc7 17.N7e5 Ne4 18.Bb2 e6 19.Nxc6 bxc6 20.cxd5 exd5 21.Bxa6 Ra8 22.Bb5 
Rxa2 23.Rxc6 Qf4 24.Qb1 Ra5 25.Bd3 Rb8 26.Bc1 Qg4 27.h3 Qh5 28.Ne5 Qh4 29.Be3 
Ra3 30.Nf3 Qh5 31.Qd1 Rbxb3 32.Be2 Nc3 33.Rxc3 Rxc3 34.Ng5+ hxg5 35.Bxh5 gxh5 
36.Qxh5+ Kg8 37.Qxg5 Be4 38.f3 Bd3 39.Qxd5+ Kh8 40.Qh5+ Kg8 41.Bf2 Bb5 42.Qxb5 1-0

[Event "Jan Macieja Memorial"]
[Site "Warsaw POL"]
[Date "2023.07.10"]
[Round "6.26"]
[White "Lasota, Adam"]
[Black "Kultiyasov, Mikhail"]
[Result "0-1"]
[WhiteElo "1903"]
[BlackElo "2104"]
[EventDate "2023.07.10"]
[PlyCount "48"]

1.d4 Nf6 2.Bf4 g6 3.e3 Bg7 4.Be2 d6 5.h3 O-O 6.Nf3 Nc6 7.O-O Nd7 8.Bh2 e5 9.c3 
f5 10.b4 a6 11.a4 g5 12.Qb3+ Kh8 13.dxe5 Ndxe5 14.Nd4 f4 15.Nxc6 bxc6 16.Nd2 
Qe7 17.Nf3 Be6 18.Qc2 fxe3 19.fxe3 Nc4 20.Bxc4 Bxc4 21.Rfe1 Rae8 22.Nd4 Qd7 
23.Rad1 g4 24.hxg4 Qxg4 0-1

[Event "Jan Macieja Memorial"]
[Site "Warsaw POL"]
[Date "2023.07.10"]
[Round "6.27"]
[White "Goslawski, Michal"]
[Black "Karut, Kacper"]
[Result "0-1"]
[WhiteElo "1989"]
[BlackElo "1796"]
[EventDate "2023.07.10"]
[PlyCount "67"]

1.Nf3 Nf6 2.c4 g6 3.g3 Bg7 4.Bg2 O-O 5.O-O d6 6.d4 Nbd7 7.Nc3 e5 8.e4 c6 9.h3 
Qe7 10.Re1 Ne8 11.b3 f5 12.exf5 gxf5 13.Be3 Qf6 14.Rc1 f4 15.dxe5 dxe5 16.gxf4 
exf4 17.Bd4 Qg6 18.Bxg7 Nxg7 19.Kh2 Nf6 20.Qd2 Qh6 21.Ne4 Bf5 22.Nxf6+ Qxf6 
23.Qd4 Qxd4 24.Nxd4 Rad8 25.Nxf5 Nxf5 26.Rcd1 Kf7 27.Be4 Nd4 28.c5 h6 29.h4 
Rfe8 30.Bg2 Rxe1 31.Rxe1 f3 32.Bh3 h5 33.Re5 Rd5 34.Rxd5 0-1

[Event "Jan Macieja Memorial"]
[Site "Warsaw POL"]
[Date "2023.07.10"]
[Round "6.28"]
[White "Sengupta, Deep"]
[Black "Smietanska, Wiktoria"]
[Result "1-0"]
[WhiteElo "2361"]
[BlackElo "1886"]
[EventDate "2023.07.10"]
[PlyCount "48"]

1.Nf3 Nf6 2.c4 g6 3.Nc3 Bg7 4.b3 d5 5.cxd5 Nxd5 6.Bb2 O-O 7.g3 c5 8.Bg2 Nc6 
9.O-O Nc7 10.Rc1 Ne6 11.Na4 Bxb2 12.Nxb2 Rb8 13.Nd3 Qd6 14.Qc2 Ncd4 15.Nxd4 
Nxd4 16.Qd1 b6 17.e3 Nf5 18.Nb2 Ba6 19.d3 Rfd8 20.Qg4 h5 21.Qa4 Bb7 22.Rfd1 
Bxg2 23.Kxg2 Rb7 24.Qe4 e6 1-0

[Event "Jan Macieja Memorial"]
[Site "Warsaw POL"]
[Date "2023.07.10"]
[Round "6.29"]
[White "Socko, Monika"]
[Black "Malik, Maciej"]
[Result "1/2-1/2"]
[WhiteElo "2326"]
[BlackElo "1886"]
[EventDate "2023.07.10"]
[PlyCount "132"]

1.d4 Nf6 2.c4 g6 3.Nc3 Bg7 4.e4 d6 5.Bd3 O-O 6.Nge2 e5 7.d5 c6 8.O-O cxd5 
9.cxd5 Ne8 10.Be3 f5 11.exf5 gxf5 12.f4 e4 13.Bc2 Nf6 14.h3 a6 15.Nd4 b5 16.a3 
Qe8 17.Qd2 Nh5 18.Rad1 Qg6 19.Qf2 Ng3 20.Rfe1 Bf6 21.Qd2 Rf7 22.Bf2 Nh5 23.Ne6 
Nd7 24.g4 Bxc3 25.bxc3 fxg4 26.Bxe4 Qf6 27.hxg4 Nxf4 28.Nxf4 Qxf4 29.Qxf4 Rxf4 
30.Bf5 Ne5 31.Bg3 Rxf5 32.gxf5 Nf3+ 33.Kf2 Nxe1 34.Rxe1 Bxf5 35.Bxd6 Rd8 36.Bc5 
Rxd5 37.Bd4 Rd7 38.Kg3 Kf7 39.Kf4 Be6 40.Rg1 Kf8 41.Ke5 Bf7 42.Bc5+ Ke8 43.Kf6 
Bc4 44.Re1+ Kd8 45.Bb6+ Kc8 46.Re8+ Kb7 47.Bd4 Rd6+ 48.Ke5 Rd5+ 49.Ke4 Rd7 
50.Be5 Bd5+ 51.Kf4 Kb6 52.Rf8 Ka5 53.Rf6 Bb7 54.Bd4 Ka4 55.Bc5 Kb3 56.Ke3 Kxc3 
57.Bb4+ Kb3 58.Rf8 h5 59.Rh8 Rd5 60.Rh7 Bc8 61.Rh8 Bb7 62.Rh7 Bc8 63.Rh8 Bb7 
64.Rh7 Bc8 65.Rh8 Bg4 66.Ra8 h4 1/2-1/2

[Event "Jan Macieja Memorial"]
[Site "Warsaw POL"]
[Date "2023.07.10"]
[Round "6.30"]
[White "Lecki, Leonard"]
[Black "Bartel, Michal"]
[Result "0-1"]
[WhiteElo "1879"]
[BlackElo "2282"]
[EventDate "2023.07.10"]
[PlyCount "50"]

1.e4 e5 2.Nc3 Nf6 3.f4 d5 4.fxe5 Nxe4 5.Nf3 Nxc3 6.dxc3 h6 7.Bf4 Be6 8.Bd3 Bc5 
9.Nd4 Bxd4 10.cxd4 Nd7 11.O-O Qe7 12.c3 O-O-O 13.a4 Rdf8 14.b4 f5 15.exf6 Rxf6 
16.a5 Rhf8 17.Qd2 Bf5 18.Rae1 Be4 19.b5 Qf7 20.Bxe4 dxe4 21.b6 axb6 22.axb6 
Rxf4 23.Rxf4 Qxf4 24.Qa2 Nxb6 25.c4 e3 0-1

[Event "Jan Macieja Memorial"]
[Site "Warsaw POL"]
[Date "2023.07.10"]
[Round "6.31"]
[White "Rasmussen, Jonas H"]
[Black "Cukrowski, Filip"]
[Result "0-1"]
[WhiteElo "1875"]
[BlackElo "2258"]
[EventDate "2023.07.10"]
[PlyCount "47"]

1.d4 Nf6 2.Nf3 d5 3.g3 c5 4.Bg2 Nc6 5.O-O Bf5 6.c4 dxc4 7.dxc5 Qxd1 8.Rxd1 e6 
9.Na3 Bxc5 10.Nxc4 O-O 11.Nfe5 Nd4 12.Ne3 Rfd8 13.Bf1 Bc2 14.Nxc2 Nxc2 15.Rxd8+ 
Rxd8 16.Rb1 Rd1 17.Nd3 Bb6 18.b4 Ne1 19.Nxe1 Rxe1 20.Kg2 Ne4 21.e3 Nd2 22.Rb2 
Nxf1 23.Rc2 h6 24.Rc3 0-1

[Event "Jan Macieja Memorial"]
[Site "Warsaw POL"]
[Date "2023.07.10"]
[Round "6.32"]
[White "Gbiorczyk, Mikolaj"]
[Black "Czerwonski, Aleksander"]
[Result "1/2-1/2"]
[WhiteElo "1874"]
[BlackElo "2242"]
[EventDate "2023.07.10"]
[PlyCount "119"]

1.e4 e5 2.Nc3 Nf6 3.f4 d5 4.fxe5 Nxe4 5.Qf3 Nxc3 6.bxc3 h5 7.d4 Bg4 8.Qf2 Qd7 
9.Nf3 Be7 10.Rb1 c6 11.Bd3 h4 12.h3 Bf5 13.Bxf5 Qxf5 14.Rxb7 Nd7 15.O-O Nb6 
16.e6 f6 17.Qe2 Qe4 18.Qxe4 dxe4 19.Nd2 e3 20.Ne4 Nc4 21.Re1 f5 22.Nc5 f4 
23.Rb4 Nb6 24.Rf1 g5 25.Rb3 Nd5 26.c4 Nc7 27.Ne4 Nxe6 28.Bb2 O-O-O 29.d5 Nc5 
30.Bxh8 Nxe4 31.Be5 Kd7 32.Rb7+ Ke8 33.d6 Nxd6 34.Bxd6 Bxd6 35.Rd1 e2 36.Re1 
Bc5+ 37.Kh2 Be3 38.Rxe2 Kf8 39.Rb1 Rd4 40.a4 Rxc4 41.a5 Ra4 42.Rf1 Kg7 43.Rd1 
Rxa5 44.Rd6 Ra1 45.Rxe3 fxe3 46.Re6 Rc1 47.Rxe3 Rxc2 48.Re7+ Kf6 49.Rxa7 c5 
50.Kg1 c4 51.Ra5 c3 52.Rc5 Rc1+ 53.Kf2 c2 54.Rc3 g4 55.hxg4 h3 56.Kg3 hxg2 
57.Kxg2 Kg5 58.Rc4 Kg6 59.Kh2 Kg5 60.Kg2 1/2-1/2

[Event "Jan Macieja Memorial"]
[Site "Warsaw POL"]
[Date "2023.07.10"]
[Round "6.33"]
[White "Chomczyk, Marek"]
[Black "Pettersson, Alexander"]
[Result "1-0"]
[WhiteElo "2217"]
[BlackElo "1842"]
[EventDate "2023.07.10"]
[PlyCount "32"]

1.c4 e6 2.g3 d5 3.Bg2 Nf6 4.Nf3 Be7 5.O-O O-O 6.d4 c6 7.Nc3 b6 8.Ne5 Bb7 9.e4 
Nbd7 10.exd5 cxd5 11.Bg5 Re8 12.Qa4 h6 13.Bf4 a6 14.Rad1 Nh5 15.Be3 Nxe5 
16.dxe5 g6 1-0

[Event "Jan Macieja Memorial"]
[Site "Warsaw POL"]
[Date "2023.07.10"]
[Round "6.34"]
[White "Celinski, Kamil"]
[Black "Ladan, Nicholas"]
[Result "0-1"]
[WhiteElo "1855"]
[BlackElo "2162"]
[EventDate "2023.07.10"]
[PlyCount "62"]

1.c4 b6 2.d4 Bb7 3.Nc3 f5 4.d5 e5 5.Nf3 d6 6.a3 Be7 7.g3 Nd7 8.b4 a5 9.Rb1 axb4 
10.axb4 h6 11.Bg2 Ngf6 12.Nh4 O-O 13.Nxf5 Ng4 14.Nxe7+ Qxe7 15.O-O Rf7 16.h3 
Ngf6 17.Ne4 Nxe4 18.Bxe4 b5 19.cxb5 Nb6 20.Be3 Qd7 21.Bxb6 cxb6 22.Kg2 Bc8 
23.g4 Rf4 24.Bf5 Qxb5 25.e3 Bxf5 26.exf4 Be4+ 27.f3 Bxb1 28.Qxb1 Ra4 29.Qc2 
Rxb4 30.Qc8+ Kh7 31.Qe6 Rb2+ 0-1

[Event "Jan Macieja Memorial"]
[Site "Warsaw POL"]
[Date "2023.07.10"]
[Round "6.36"]
[White "Kubicka, Anna"]
[Black "Gluszko, Monika"]
[Result "1/2-1/2"]
[WhiteElo "2144"]
[BlackElo "1829"]
[EventDate "2023.07.10"]
[PlyCount "52"]

1.e4 c5 2.Ne2 Nc6 3.g3 g6 4.Bg2 Bg7 5.O-O Nf6 6.c3 d5 7.exd5 Nxd5 8.d4 cxd4 
9.Nxd4 Nxd4 10.cxd4 O-O 11.Nc3 Be6 12.Re1 Rc8 13.Nxd5 Bxd5 14.Bxd5 Qxd5 15.Rxe7 
Qxd4 16.Qxd4 Bxd4 17.Rxb7 Rc2 18.Be3 Bxe3 19.fxe3 Rd8 20.Rf1 Rdd2 21.Rfxf7 Rg2+ 
22.Kf1 Rxh2 23.Kg1 Rhg2+ 24.Kf1 Rh2 25.Kg1 Rcg2+ 26.Kf1 Rc2 1/2-1/2

[Event "Jan Macieja Memorial"]
[Site "Warsaw POL"]
[Date "2023.07.10"]
[Round "6.37"]
[White "Kaliszuk, Kamil"]
[Black "Adamski, Adam"]
[Result "1-0"]
[WhiteElo "2134"]
[BlackElo "1777"]
[EventDate "2023.07.10"]
[PlyCount "31"]

1.e4 c5 2.Nf3 d6 3.Bb5+ Nd7 4.O-O a6 5.Bd3 Ngf6 6.c3 b5 7.Re1 Qc7 8.a4 Bb7 
9.axb5 axb5 10.Rxa8+ Bxa8 11.Na3 c4 12.Nxb5 Qa5 13.Bxc4 Bxe4 14.Ng5 Bg6 
15.Nxd6+ Kd8 16.Nb7+ 1-0

[Event "Jan Macieja Memorial"]
[Site "Warsaw POL"]
[Date "2023.07.10"]
[Round "6.38"]
[White "Wiech, Grzegorz"]
[Black "Lewandrowski, Tomasz"]
[Result "0-1"]
[WhiteElo "2131"]
[BlackElo "1797"]
[EventDate "2023.07.10"]
[PlyCount "67"]

1.e4 c5 2.Nf3 Nc6 3.d4 cxd4 4.Nxd4 e5 5.Nf5 d5 6.Qxd5 Qxd5 7.exd5 Nb4 8.Ne3 Bc5 
9.Bd2 Nf6 10.Bc4 Ne4 11.a3 Nxd2 12.Bb5+ Bd7 13.Bxd7+ Kxd7 14.axb4 Bxe3 15.Nxd2 
Bb6 16.Nc4 f6 17.Nxb6+ axb6 18.Kd2 Kd6 19.c4 b5 20.b3 e4 21.Kc3 Ke5 22.Ra5 Rxa5 
23.bxa5 bxc4 24.bxc4 f5 25.Rb1 Ra8 26.Rxb7 Rxa5 27.Rxg7 Ra3+ 28.Kb4 Ra2 29.Rxh7 
Rxf2 30.Rg7 e3 31.Kc5 e2 32.Re7+ Kf6 33.g3 Kxe7 34.Kd4 0-1

[Event "Jan Macieja Memorial"]
[Site "Warsaw POL"]
[Date "2023.07.10"]
[Round "6.39"]
[White "Pietrzak, Wojciech"]
[Black "Zubova, Mariya"]
[Result "0-1"]
[WhiteElo "1816"]
[BlackElo "2116"]
[EventDate "2023.07.10"]
[PlyCount "60"]

1.d4 Nf6 2.Bg5 d5 3.e3 e6 4.c3 Be7 5.Nd2 h6 6.Bh4 Nbd7 7.f4 c5 8.Bd3 b6 9.Ngf3 
Bb7 10.O-O Ne4 11.Bxe7 Qxe7 12.Ne5 O-O-O 13.a4 a5 14.Nxe4 dxe4 15.Bb5 Nxe5 
16.fxe5 f6 17.Qe2 fxe5 18.b4 exd4 19.cxd4 cxd4 20.bxa5 d3 21.Qg4 bxa5 22.Rac1+ 
Kb8 23.Qg3+ e5 24.Rf5 Rc8 25.Rxc8+ Rxc8 26.Rxe5 Rc1+ 27.Kf2 Qc7 28.Re8+ Ka7 
29.Qh4 d2 30.Be2 Qf7+ 0-1

[Event "Jan Macieja Memorial"]
[Site "Warsaw POL"]
[Date "2023.07.10"]
[Round "6.40"]
[White "Redzisz, Michal"]
[Black "Fudala, Dominik"]
[Result "1-0"]
[WhiteElo "2103"]
[BlackElo "1733"]
[EventDate "2023.07.10"]
[PlyCount "51"]

1.d4 Nf6 2.c4 e6 3.Nf3 d5 4.g3 Bb4+ 5.Nbd2 O-O 6.Bg2 c6 7.O-O b6 8.Qc2 Bb7 9.e4 
Bxd2 10.Nxd2 dxc4 11.Nxc4 Qxd4 12.Rd1 Qc5 13.Be3 Qe7 14.Bf4 Re8 15.Bd6 Qd8 
16.Be5 Qe7 17.Nd6 Rf8 18.Qc3 Ne8 19.Nxe8 Rxe8 20.Bxg7 e5 21.Bh6 Nd7 22.Bh3 Nc5 
23.Qf3 Ne6 24.Qf5 Ng7 25.Bxg7 Kxg7 26.Rd7 1-0

[Event "Jan Macieja Memorial"]
[Site "Warsaw POL"]
[Date "2023.07.10"]
[Round "6.43"]
[White "Michalska, Aleksandra"]
[Black "Derylo, Kamil"]
[Result "1-0"]
[WhiteElo "1730"]
[BlackElo "2026"]
[EventDate "2023.07.10"]
[PlyCount "149"]

1.e4 Nc6 2.d4 d5 3.e5 Bf5 4.c3 e6 5.Bd3 Nge7 6.Ne2 f6 7.f4 Qd7 8.Ng3 Bxd3 
9.Qxd3 Ng6 10.exf6 gxf6 11.f5 Nge7 12.fxe6 Qxe6+ 13.Qe2 Qxe2+ 14.Kxe2 O-O-O 
15.Rf1 h5 16.Rxf6 h4 17.Nh1 Rg8 18.g3 Ng6 19.Be3 Be7 20.Rf7 Rde8 21.Kd3 Nd8 
22.Rf5 c6 23.Nd2 Ne6 24.Raf1 b6 25.g4 Bd6 26.h3 Nc7 27.Rf6 Rd8 28.Nf3 c5 29.g5 
Kb7 30.Rxg6 Rxg6 31.Nxh4 Rgg8 32.Nf5 Ne6 33.h4 c4+ 34.Kd2 Bc7 35.Nhg3 Rdf8 
36.Rf2 b5 37.Nh6 Rxf2+ 38.Bxf2 Rf8 39.Ke2 Nf4+ 40.Ke3 Ng2+ 41.Ke2 Nxh4 42.Nh5 
Ng6 43.Nf6 Bd8 44.Nxd5 Bxg5 45.Ng4 Re8+ 46.Kf3 a6 47.Bg3 Rf8+ 48.Kg2 Ne7 
49.Nxe7 Bxe7 50.Ne5 Rg8 51.Kf3 Bd6 52.Bf4 Rf8 53.Ke4 Re8 54.Kd5 Rh8 55.Kxd6 Rh4 
56.Be3 Re4 57.Bg5 Re2 58.b3 cxb3 59.axb3 Rc2 60.c4 Rc3 61.cxb5 axb5 62.b4 Rb3 
63.Kc5 Ka6 64.Nc6 Rc3+ 65.Kd5 Rg3 66.Be7 Rg6 67.Bc5 Rh6 68.Ne5 Rf6 69.Ke4 Rh6 
70.d5 Kb7 71.d6 Rh2 72.Kd5 Re2 73.Ke6 Kc8 74.d7+ Kc7 75.Bb6+ 1-0

[Event "Jan Macieja Memorial"]
[Site "Warsaw POL"]
[Date "2023.07.10"]
[Round "6.44"]
[White "Jedrusik, Adam"]
[Black "Stefaniuk, Zbigniew"]
[Result "1-0"]
[WhiteElo "2023"]
[BlackElo "1684"]
[EventDate "2023.07.10"]
[PlyCount "117"]

1.d4 Nf6 2.c4 d6 3.Nc3 e5 4.d5 Be7 5.e4 Nbd7 6.Be3 Nc5 7.f3 a5 8.Bd3 Nh5 9.Nge2 
Bg5 10.Bf2 Nf4 11.Nxf4 Bxf4 12.Ne2 Qg5 13.Nxf4 exf4 14.Rg1 Nxd3+ 15.Qxd3 O-O 
16.O-O-O f5 17.Bd4 fxe4 18.fxe4 f3+ 19.Be3 Qf6 20.gxf3 Qxf3 21.Qd4 Qf6 22.Qxf6 
Rxf6 23.Bd4 Rf7 24.h4 Bd7 25.Rdf1 Raf8 26.Rxf7 Rxf7 27.Kd2 Bc8 28.Ke3 Bd7 29.a3 
Bc8 30.b4 b6 31.bxa5 bxa5 32.Bc3 Ba6 33.Kd4 a4 34.Rb1 Rf3 35.Rb8+ Kf7 36.Ra8 
Bb7 37.Ra7 Bc8 38.Rxc7+ Kg6 39.Rxc8 Kh5 40.Rd8 Kxh4 41.Rxd6 g5 42.Rh6+ Kg3 
43.Rxh7 g4 44.Bb4 Kg2 45.Ra7 g3 46.Bd6 Kg1 47.Bxg3 Rxg3 48.Rxa4 Kf2 49.c5 Kf3 
50.c6 Rg4 51.Ke5 Rg5+ 52.Kd6 Rg8 53.c7 Rf8 54.Kd7 Rf7+ 55.Kc6 Rf8 56.Kb7 Rf7 
57.Kb8 Rf8+ 58.c8=Q Rxc8+ 59.Kxc8 1-0

[Event "Jan Macieja Memorial"]
[Site "Warsaw POL"]
[Date "2023.07.10"]
[Round "6.45"]
[White "Kazmierowski, Tymon"]
[Black "Sanz, Losada Victoriano"]
[Result "0-1"]
[WhiteElo "1698"]
[BlackElo "2010"]
[EventDate "2023.07.10"]
[PlyCount "84"]

1.d4 Nf6 2.c4 g6 3.Nf3 Bg7 4.g3 O-O 5.Bg2 d6 6.O-O Nc6 7.Nc3 Bg4 8.h3 Bxf3 
9.Bxf3 Nd7 10.e3 e5 11.d5 Na5 12.Be2 b6 13.b4 Nb7 14.Bb2 f5 15.Rc1 e4 16.Na4 
Bxb2 17.Nxb2 Qf6 18.Qd4 Qxd4 19.exd4 a5 20.b5 Rfe8 21.Rfe1 Kf7 22.Na4 h5 23.h4 
Kf6 24.Bd1 Re7 25.Rc3 g5 26.hxg5+ Kxg5 27.Rce3 h4 28.f3 hxg3 29.fxe4 f4 30.Rc3 
Rae8 31.Bf3 Nf6 32.Rc2 Ng4 33.c5 bxc5 34.dxc5 Ne3 35.Rxe3 fxe3 36.c6 Nc5 
37.Nxc5 dxc5 38.Kg2 Kf4 39.Rxc5 Rh8 40.Be2 Rh2+ 41.Kf1 Rf2+ 42.Ke1 g2 0-1

[Event "Jan Macieja Memorial"]
[Site "Warsaw POL"]
[Date "2023.07.10"]
[Round "6.46"]
[White "Obukhava, Anastasiya"]
[Black "Syrkiewicz, Michal"]
[Result "0-1"]
[WhiteElo "1663"]
[BlackElo "2009"]
[EventDate "2023.07.10"]
[PlyCount "100"]

1.Nf3 d5 2.e3 Nf6 3.b3 c6 4.Bb2 Bf5 5.Be2 h6 6.O-O e6 7.d4 Bd6 8.c4 Nbd7 9.Nc3 
O-O 10.Rc1 Ne4 11.Nd2 Nxd2 12.Qxd2 Qh4 13.f4 Nf6 14.Bf3 Ng4 15.h3 Nf6 16.g4 Bh7 
17.Qg2 Ne4 18.Nxe4 dxe4 19.Be2 Bb4 20.Rcd1 Rad8 21.f5 exf5 22.gxf5 Be7 23.Rf4 
Qg5 24.Rg4 Qxe3+ 25.Kh1 Bf6 26.Bc1 Qc3 27.Bxh6 g6 28.Bxf8 Kxf8 29.fxg6 Bxg6 
30.Rf4 Rxd4 31.Rdf1 Rd6 32.h4 Ke7 33.h5 Bh7 34.Qf2 Qh3+ 35.Kg1 Bd4 36.Rxf7+ Kd8 
37.Qxd4 Rxd4 38.Rxh7 Kc8 39.Rg7 Qh4 40.Bg4+ Kb8 41.Rff7 Qg3+ 42.Kh1 Qe1+ 43.Kh2 
Rd2+ 44.Be2 Rxe2+ 45.Kh3 Qh1+ 46.Kg4 Rg2+ 47.Kf5 Rxg7 48.Rxg7 Qxh5+ 49.Rg5 
Qxg5+ 50.Kxg5 e3 0-1

[Event "Jan Macieja Memorial"]
[Site "Warsaw POL"]
[Date "2023.07.10"]
[Round "6.47"]
[White "Zeissel, Andrzej"]
[Black "Sliwicki, Damian"]
[Result "0-1"]
[WhiteElo "1600"]
[BlackElo "2005"]
[EventDate "2023.07.10"]
[PlyCount "56"]

1.e4 c5 2.Nc3 g6 3.d4 cxd4 4.Qxd4 Nf6 5.Bb5 a6 6.e5 Ng8 7.Qa4 Bg7 8.Nf3 Nc6 
9.Bxc6 bxc6 10.Be3 Qc7 11.O-O Nh6 12.Bxh6 Bxh6 13.Rfe1 Bg7 14.Rad1 O-O 15.Qh4 
Re8 16.Re3 Bb7 17.Ne4 c5 18.Red3 Bxe4 19.Qxe4 d6 20.Qh4 dxe5 21.Rd7 Rad8 22.Qa4 
e4 23.Ng5 Rxd7 24.Rxd7 Qf4 25.Rd1 Rb8 26.Nxe4 Kh8 27.b3 Qg4 28.Qc4 Qxd1+ 0-1

[Event "Jan Macieja Memorial"]
[Site "Warsaw POL"]
[Date "2023.07.10"]
[Round "6.48"]
[White "Pires, Emanuel Joao Robarts"]
[Black "Bartoszewicz, Marcin"]
[Result "1-0"]
[WhiteElo "2005"]
[BlackElo "1668"]
[EventDate "2023.07.10"]
[PlyCount "83"]

1.e4 e5 2.Nf3 Nc6 3.Bc4 Bc5 4.b4 Bxb4 5.c3 Bc5 6.O-O d6 7.d4 exd4 8.cxd4 Bb6 
9.Ng5 Nh6 10.Qh5 O-O 11.Bxf7+ Rxf7 12.Nxf7 Nxf7 13.d5 Nce5 14.Qd1 Qh4 15.Be3 
Bxe3 16.fxe3 Qxe4 17.Nd2 Qxe3+ 18.Kh1 Bg4 19.Qe1 Qxe1 20.Rfxe1 c5 21.dxc6 bxc6 
22.h3 Bf5 23.Nb3 c5 24.Rad1 Rb8 25.g4 Bc2 26.Ra1 Bxb3 27.axb3 Rxb3 28.Rxa7 g5 
29.Kg2 c4 30.Rc7 d5 31.Rc8+ Kg7 32.Rc7 Kg6 33.Ra1 c3 34.Ra6+ Kg7 35.Re6 Rb2+ 
36.Kg3 d4 37.Rxe5 c2 38.Rxg5+ Kf8 39.Rf5 Rb3+ 40.Kh4 d3 41.Rfxf7+ Ke8 42.Rxh7 1-0

[Event "Jan Macieja Memorial"]
[Site "Warsaw POL"]
[Date "2023.07.10"]
[Round "6.51"]
[White "Malowidzki, Maciej"]
[Black "Paprocki, Antoni"]
[Result "0-1"]
[WhiteElo "1504"]
[BlackElo "1978"]
[EventDate "2023.07.10"]
[PlyCount "98"]

1.c4 e5 2.g3 d6 3.Bg2 f5 4.Nc3 Nf6 5.e3 Be7 6.Nge2 O-O 7.O-O c6 8.d4 Qe8 9.Rb1 
a5 10.a3 Qh5 11.b4 axb4 12.axb4 Be6 13.c5 d5 14.dxe5 Ng4 15.h3 Nxe5 16.Nd4 Qg6 
17.Nce2 Bd7 18.Bb2 Nc4 19.Bc3 Na6 20.Nf4 Qf7 21.h4 Nc7 22.Qd3 Ne5 23.Qc2 Ng4 
24.Ra1 Nf6 25.Nb3 Ne4 26.Bd4 Nb5 27.Na5 Nxd4 28.exd4 Bf6 29.Rfd1 g6 30.Nxb7 
Rxa1 31.Rxa1 Bxd4 32.Rd1 Bxf2+ 33.Kh1 Bxg3 34.Nd3 Qf6 35.Bh3 Qxh4 36.Kg2 Bc7 
37.Nd6 Qg3+ 38.Kf1 Qxh3+ 39.Qg2 Qxg2+ 40.Kxg2 Bxd6 41.cxd6 f4 42.Ne5 f3+ 
43.Nxf3 Bg4 44.Rd3 Bxf3+ 45.Rxf3 Rxf3 46.Kxf3 Nxd6 47.Ke3 Nb5 48.Kf4 Kf7 49.Ke5 
Ke7 0-1